میں فقط خاک ہوں (Record no. 15055)

MARC details
000 -LEADER
fixed length control field 00326nam a2200133Ia 4500
008 - FIXED-LENGTH DATA ELEMENTS--GENERAL INFORMATION
fixed length control field 230312s9999||||xx |||||||||||||| ||und||
082 ## - DEWEY DECIMAL CLASSIFICATION NUMBER
Classification number 891.4
Item number KAS-M
100 ## - MAIN ENTRY--PERSONAL NAME
Personal name محمد کاشف بٹ
245 #0 - TITLE STATEMENT
Title میں فقط خاک ہوں
260 ## - PUBLICATION, DISTRIBUTION, ETC.
Name of publisher, distributor, etc. ilam e irfan
Place of publication, distribution, etc. pak
Date of publication, distribution, etc. 2013
300 ## - PHYSICAL DESCRIPTION
Extent 112
650 ## - SUBJECT ADDED ENTRY--TOPICAL TERM
Topical term or geographic name entry element Literature
942 ## - ADDED ENTRY ELEMENTS (KOHA)
Koha item type BOOK
Holdings
Withdrawn status Lost status Source of classification or shelving scheme Damaged status Not for loan Home library Current library Date acquired Total Checkouts Full call number Barcode Date last seen Date last checked out Price effective from Koha item type
    Dewey Decimal Classification     Superior Information Resource Center (SIRC) Superior University- Central Library Superior Information Resource Center (SIRC) Superior University- Central Library 03/13/2023 2 891.4 KAS-M 15198 02/02/2024 01/30/2024 03/13/2023 BOOK

Powered by Koha